00935 2200313 4500001002100000005001500021035002000036007000300056008004100059020002200100040002200122082001200144084001400156090001800170090002200188100002800210245006700238250003000305300007800335650002500413850001200438041000800450504003000458264003700488336002100525337003000546338002300576990002200599INLIS00000000084611020190416032549 a0010-0419000969ta190416s2018 yoia g ind d a978-602-8610-95-7 aYOPDYOGbinderda04223a711 a711 MUL p aDEP 711 MUL p aCB-D.11 2018-16400 aMulyanto, H.R.epenulis10aPrinsip-prinsip pengembangan wilayah /cpenulis, H.R. Mulyanto aEdisi kedua, Cetakan ke-1 a82 halaman, 3 halaman tidak bernomor :bilustrasi, tabel, grafik ;c24 cm 4aTata kota dan daerah aYOPDYOG0 aind aBibliografi: halaman [85]31aYogyakarta :bSuluh Media,c2018 2rdacontentateks 2rdamediaatanpa perantara 2rdacarrieravolume aCB-D.11/2018-1640